000
00275nam a2200133Ia 4500
100
_a
Subramanian/R
250
_a
3
942
_c
BK
366
_f
25
654
_a
Strength
245
_a
Strength Of Materials
260
_b
Oxford university press
_c
2016
546
_a
ENGLISH
999
_c
33277
_d
33277